Vanishing Japan : Traditions, crafts, & Culture
This book introduces about on the street, housing and interiors, artisans and crafts, festivals and events, seasonal customs, daily life, entertainment.
Guardat en:
| Autor principal: | |
|---|---|
| Format: | Llibre |
| Idioma: | Undetermined |
| Publicat: |
Japan
Tuttle Publishing
1995
|
| Matèries: | |
| Etiquetes: |
Afegir etiqueta
Sense etiquetes, Sigues el primer a etiquetar aquest registre!
|
| Thư viện lưu trữ: | Trung tâm Học liệu Trường Đại học Cần Thơ |
|---|
| LEADER | 00845nam a2200229Ia 4500 | ||
|---|---|---|---|
| 001 | CTU_219254 | ||
| 008 | 210402s9999 xx 000 0 und d | ||
| 082 | |a 745.0952 | ||
| 082 | |b K58 | ||
| 100 | |a Kiritani, Elizabeth | ||
| 245 | 0 | |a Vanishing Japan : | |
| 245 | 0 | |b Traditions, crafts, & Culture | |
| 245 | 0 | |c Elizabeth Kiritani ; Foreword by Donald Richie ; illustrations by Itsuo Kiritani | |
| 260 | |a Japan | ||
| 260 | |b Tuttle Publishing | ||
| 260 | |c 1995 | ||
| 520 | |a This book introduces about on the street, housing and interiors, artisans and crafts, festivals and events, seasonal customs, daily life, entertainment. | ||
| 650 | |a Handicraft,Thủ công,Japan,Nhật Bản | ||
| 650 | |x Culture,Văn hoá | ||
| 650 | |z Japan,Nhật Bản | ||
| 904 | |i Qhieu | ||
| 980 | |a Trung tâm Học liệu Trường Đại học Cần Thơ | ||